000 00675cam a2200241 4500
001 29126
003 BD-RjUL
005 20211209051357.0
008 140402s1961 enk 001 0 eng d
035 _a(BD-RjUL)29211
035 _a(NNC)862991
040 _dOCL
_dWSU
_dUPM
_dm/c
_dZCU
_aBD-RjUL
_beng
_cBD-RjUL
041 _aeng
082 0 4 _a141
_bEWI 1961
100 1 _aEwing, A. C.
_q(Alfred Cyril),
_d1899-1973.
_92825
245 1 0 _aIdealism :
_ba critical survey /
_cby A. C. Ewing.
250 _a3rd ed.
260 _aStrand, W. C. :
_bMethuen,
_c1961.
300 _aviii, 454 p. ;
_c22 cm.
504 _aIncludes Index
650 0 _aIdealism.
_9274
942 _2ddc
_cBK
999 _c29126
_d29126